Geography of Austria on a Map - Statistics

General Stats
  • This quiz has been taken 903 times
  • The average score is 28 of 46
Answers on the Map
Answers color-coded by a green-red scale on the quiz's map according to % correct below.
 
Answer Stats
Type Answer % Correct
States Vienna
99%
State Capitals Vienna
99%
Recognized Languages Standard German
98%
Bordering Countries Germany
94%
Bordering Countries Italy
94%
Bordering Countries Slovenia
94%
Bordering Countries Hungary
93%
Bordering Countries Liechtenstein
93%
Bordering Countries Switzerland
93%
Bordering Countries Czechia
92%
States Salzburg
92%
State Capitals Salzburg
92%
Bordering Countries Slovakia
88%
State Capitals Innsbruck
84%
State Capitals Graz
83%
Miscellaneous Euro
82%
Recognized Languages Austro-Bavarian
79%
Regional Languages Burgenland Croatian
79%
Regional Languages Burgenland Hungarian
78%
Regional Languages Carinthian Slovene
77%
Recognized Languages Alemannic German
76%
Bodies of Water Danube River
74%
States Tyrol
74%
State Capitals Linz
72%
States Lower Austria
57%
States Upper Austria
57%
Bodies of Water Lake Constance
52%
States Styria
49%
States Carinthia
48%
State Capitals Klagenfurt
48%
States Burgenland
47%
States Vorarlberg
42%
Miscellaneous Großglockner
38%
State Capitals Bregenz
37%
State Capitals Sankt Pölten
34%
Largest Cities Villach
33%
Largest Cities Wiener Neustadt
26%
State Capitals Eisenstadt
24%
Largest Cities Wels
23%
Largest Cities Dornbirn
22%
Largest Cities Feldkirch
21%
Bodies of Water Lake Neusiedl
21%
Largest Cities Steyr
19%
Points of Interest Dachstein Massif
6%
Points of Interest Wachau Valley
6%
Points of Interest Admont Abbey
2%
No matching quizzes found
Score Distribution
Percent of People with Each Score
Percentile by Number Answered
Your Score History
You have not taken this quiz